00000000nas 2200000zi 4500
0019.908392
003CaOODSP
00520251127112517
006m     o  d f      
007cr cn|||||||||
008220223c20209999oncar p o    f0###a0eng|d
040 |aCaOODSP|beng|erda|cCaOODSP
043 |an-cn---
0861 |aNM11-7/1E-PDF
1102 |aCanadian Museum of Nature.|eauthor, |eissuing body.
24510|aCanadian Museum of Nature annual report : |badministration of the Access to Information Act, April 1 ... to March 31 ...
264 1|a[Ottawa] : |bCanadian Museum of Nature, |c[2020]-
310 |aAnnual
336 |atext|btxt|2rdacontent
337 |acomputer|bc|2rdamedia
338 |aonline resource|bcr|2rdacarrier
3621 |aBegan with 2019-2020.
500 |aIssued also in French under title: Rapport annuel du Musée canadien de la nature : administration de la Loi sur l'accès à l'information 1er avril ... au 31 mars ...
588 |aDescription based on: 2019/2020.
588 |aLatest issue consulted: 2020/2021.
61020|aCanadian Museum of Nature|vPeriodicals.
61010|aCanada. |tAccess to Information Act|vPeriodicals.
650 0|aGovernment information|zCanada|vPeriodicals.
650 0|aFreedom of information|zCanada|vPeriodicals.
655 7|aPeriodicals|2lcgft
77508|tRapport annuel du Musée canadien de la nature : |w(CaOODSP)9.908391